000
00178 a2200097 4500
001
6453
100
_a
Munce, J F
245
_a
260
_a
_b
Pergamon
_c
090
_c
5312
_d
5312
942
_a
NUST-CAE
_c
M
_c
31726
999
_c
241526
_d
241526